[Event "Hamburg-chT Landesliga 2122"]
[Site "Hamburg"]
[Date "2022.05.15"]
[Round "4.5"]
[White "Luedke, Joshua"]
[Black "Reuber, Artur"]
[Result "1-0"]
[WhiteElo "2032"]
[BlackElo "2148"]
[PlyCount "69"]
[EventDate "2021.10.31"]
[EventType "team-tourn"]
[EventRounds "9"]
[EventCountry "GER"]
[SourceTitle "EXT 2023"]
[Source "ChessBase"]
[SourceDate "2022.10.05"]
[SourceVersion "1"]
[SourceVersionDate "2022.10.05"]
[SourceQuality "1"]
[WhiteTeam "Hamburger SK IV"]
[BlackTeam "St Pauli II"]
[WhiteTeamCountry "GER"]
[BlackTeamCountry "GER"]

1. d4 f5 2. g3 Nf6 3. Bg2 g6 4. Nd2 Bg7 5. Nh3 c6 6. Nf4 d6 7. Nf3 Qc7 8. Ng5 Bh6 9. Nfe6 Bxe6 10. Nxe6 Qa5+ 11. c3 Bxc1 12. Qxc1 Kd7 13. Nf4 e5 14. b4 Qc7 15. dxe5 dxe5 16. Nd3 Ke7 17. e4 fxe4 18. Nc5 Nbd7 19. Nxe4 Nxe4 20. Bxe4 Nf6 21. Qg5 Kf7 22. Bc2 Rhe8 23. 0-0 Kg7 24. Rad1 Re7 25. h4 e4 26. c4 Rae8 27. c5 Re5 28. Qf4 Nd5 29. Qg4 e3 30. f4 R5e7 31. Rfe1 e2 32. Rd2 Nxb4 33. Bxg6 hxg6 34. Rd6 Rf7 35. Qxg6+ 1-0

[Event "Wuerttemberg-ch KT"]
[Site "Stuttgart"]
[Date "2017.09.01"]
[Round "7"]
[White "Mareck, Sascha"]
[Black "Luedke, Joshua"]
[Result "1/2-1/2"]
[WhiteElo "2156"]
[BlackElo "2026"]
[PlyCount "43"]
[EventDate "2017.08.26"]
[EventType "swiss"]
[EventRounds "7"]
[EventCountry "GER"]
[SourceTitle "EXT 2019"]
[Source "ChessBase"]
[SourceDate "2018.10.10"]
[SourceVersion "1"]
[SourceVersionDate "2018.10.10"]
[SourceQuality "1"]

1. d4 d5 2. Nf3 Nf6 3. c4 c6 4. e3 e6 5. b3 Be7 6. Bd3 0-0 7. 0-0 Nbd7 8. Bb2 b6 9. Nc3 Bb7 10. Qe2 Re8 11. Rfd1 Bf8 12. e4 dxe4 13. Nxe4 Nxe4 14. Qxe4 Nf6 15. Qh4 h6 16. Rac1 Nd7 17. Qe4 Nf6 18. Qe2 Qc7 19. Bb1 Rad8 20. Rd3 c5 21. dxc5 Qxc5 22. Rcd1 1/2-1/2

[Event "Wuerttemberg-ch KT"]
[Site "Stuttgart"]
[Date "2017.08.30"]
[Round "5"]
[White "Klaiss, Thomas"]
[Black "Luedke, Joshua"]
[Result "1/2-1/2"]
[WhiteElo "1995"]
[BlackElo "2026"]
[PlyCount "62"]
[EventDate "2017.08.26"]
[EventType "swiss"]
[EventRounds "7"]
[EventCountry "GER"]
[SourceTitle "EXT 2019"]
[Source "ChessBase"]
[SourceDate "2018.10.10"]
[SourceVersion "1"]
[SourceVersionDate "2018.10.10"]
[SourceQuality "1"]

1. d4 d5 2. Nf3 Nf6 3. c4 c6 4. Nc3 dxc4 5. a4 Bf5 6. Nh4 e6 7. Nxf5 exf5 8. e3 Bb4 9. Bxc4 0-0 10. 0-0 a5 11. Qf3 g6 12. Rd1 Nbd7 13. h3 h5 14. Qg3 Kh7 15. Qf4 Nb6 16. Bb3 Nfd5 17. Nxd5 Nxd5 18. Qf3 Re8 19. g4 hxg4 20. hxg4 Qd7 21. gxf5 Qxf5 22. Qxf5 gxf5 23. Kg2 Kg6 24. Kf3 Kf6 25. Bd2 Bxd2 26. Rxd2 Nb4 27. Rh1 Rh8 28. Rdd1 b6 29. Bc4 Rab8 30. Rc1 Rbc8 31. Rxh8 Rxh8 1/2-1/2

[Event "Wuerttemberg-ch KT"]
[Site "Stuttgart"]
[Date "2016.08.29"]
[Round "3"]
[White "Luedke, Joshua"]
[Black "Schoembs, Oliver"]
[Result "0-1"]
[WhiteElo "1934"]
[BlackElo "1874"]
[PlyCount "80"]
[EventDate "2016.08.27"]
[EventType "swiss"]
[EventRounds "9"]
[EventCountry "GER"]
[SourceTitle "EXT 2017"]
[Source "ChessBase"]
[SourceDate "2016.10.25"]
[SourceVersion "1"]
[SourceVersionDate "2016.10.25"]
[SourceQuality "1"]

1. d4 Nf6 2. c4 g6 3. Nc3 Bg7 4. e4 d6 5. Nf3 0-0 6. Be2 e5 7. d5 Nbd7 8. b4 a5 9. Ba3 Nh5 10. 0-0 Nf4 11. Ne1 Nxe2+ 12. Qxe2 Nf6 13. Nd3 Nh5 14. g3 f5 15. f3 Qg5 16. c5 Nf4 17. Qd1 Nh3+ 18. Kg2 h5 19. cxd6 cxd6 20. bxa5 Qd8 21. Bb4 Rf7 22. Nb2 Ng5 23. h4 fxe4 24. hxg5 exf3+ 25. Rxf3 Bg4 26. Rxf7 Bxd1 27. Rxg7+ Kxg7 28. Rxd1 Qxg5 29. Bxd6 h4 30. Ne4 Qf5 31. Nd2 h3+ 32. Kg1 Rxa5 33. Ndc4 Qe4 34. Bxe5+ Kg8 35. Rd2 Rxd5 36. Rf2 b5 37. Bc3 bxc4 38. Kh2 Rf5 39. Rd2 Rf1 40. Rd8+ Kf7 0-1

[Event "Wuerttemberg-ch KT"]
[Site "Stuttgart"]
[Date "2015.09.06"]
[Round "9"]
[White "Luedke, Joshua"]
[Black "Schoembs, Oliver"]
[Result "1-0"]
[WhiteElo "1823"]
[BlackElo "1917"]
[PlyCount "75"]
[EventDate "2015.08.29"]
[EventType "swiss"]
[EventRounds "9"]
[EventCountry "GER"]
[SourceTitle "EXT 2017"]
[Source "ChessBase"]
[SourceDate "2016.10.25"]
[SourceVersion "1"]
[SourceVersionDate "2016.10.25"]
[SourceQuality "1"]

1. d4 Nf6 2. c4 c5 3. d5 b5 4. cxb5 a6 5. bxa6 g6 6. Nc3 Bxa6 7. e4 Bxf1 8. Kxf1 d6 9. g3 Bg7 10. Kg2 0-0 11. Nf3 Nfd7 12. a4 Na6 13. Qb3 h6 14. Nb5 Kh7 15. Nd2 f5 16. f4 fxe4 17. Nxe4 Qb8 18. Bd2 Nc7 19. Bc3 Qb7 20. Bxg7 Kxg7 21. Nec3 e6 22. Rhe1 Rae8 23. Qa2 Nxd5 24. Nxd5 Qc6 25. Nbc7 Nf6 26. Nxe8+ Rxe8 27. Kf2 Nxd5 28. Qc4 g5 29. fxg5 hxg5 30. Kg1 e5 31. Qg4 Kh6 32. Rf1 c4 33. Rad1 Qb6+ 34. Kh1 Qb7 35. Qe4 Qxb2 36. Rxd5 Re6 37. Qxc4 e4 38. Rb5 1-0

[Event "Wuerttemberg-ch KT"]
[Site "Stuttgart"]
[Date "2015.09.01"]
[Round "4"]
[White "Petzelberger, Ferdinand"]
[Black "Luedke, Joshua"]
[Result "1/2-1/2"]
[WhiteElo "1934"]
[BlackElo "1823"]
[PlyCount "90"]
[EventDate "2015.08.29"]
[EventType "swiss"]
[EventRounds "9"]
[EventCountry "GER"]
[SourceTitle "EXT 2017"]
[Source "ChessBase"]
[SourceDate "2016.10.25"]
[SourceVersion "1"]
[SourceVersionDate "2016.10.25"]
[SourceQuality "1"]

1. e4 e6 2. d4 d5 3. Nc3 Bb4 4. e5 Ne7 5. a3 Bxc3+ 6. bxc3 c5 7. Qg4 Qc7 8. Qxg7 Rg8 9. Qxh7 cxd4 10. Ne2 dxc3 11. f4 Nbc6 12. h4 Bd7 13. h5 d4 14. h6 0-0-0 15. Qd3 Rg6 16. h7 Rh8 17. Ng3 Kb8 18. Ne4 Nf5 19. Rb1 Ka8 20. Qf3 Rg7 21. g4 Nfe7 22. Nd6 Nd8 23. Bd3 Bc6 24. Be4 Rgxh7 25. Rxh7 Rxh7 26. Qd3 Bxe4 27. Qxe4 Rh4 28. Qxd4 Nd5 29. Nb5 Qb6 30. Qxb6 axb6 31. Ke2 Rxg4 32. Rb3 Nc6 33. Kf3 Rh4 34. Ke4 Na5 35. Rb1 Nc4 36. Kd3 Nb2+ 37. Bxb2 cxb2 38. Rxb2 Nxf4+ 39. Ke3 Nd5+ 40. Kd3 Kb8 41. Nd6 f6 42. exf6 Nxf6 43. Nc4 Nd5 44. Nxb6 Rh3+ 45. Kc4 Nxb6+ 1/2-1/2

[Event "Stuttgart-chA int"]
[Site "Ditzingen"]
[Date "2006.05.26"]
[Round "4"]
[White "Kracke, Moritz"]
[Black "Luedke, Joshua"]
[Result "1-0"]
[WhiteElo "1987"]
[BlackElo "1686"]
[PlyCount "111"]
[EventDate "2006.05.25"]
[EventType "swiss"]
[EventRounds "7"]
[EventCountry "GER"]
[SourceTitle "EXT 2018"]
[Source "ChessBase"]
[SourceDate "2017.10.13"]
[SourceVersion "1"]
[SourceVersionDate "2017.10.13"]
[SourceQuality "1"]

1. e4 e5 2. Nf3 Nc6 3. Bc4 Nf6 4. Ng5 d5 5. exd5 Na5 6. Bb5+ c6 7. dxc6 bxc6 8. Be2 h6 9. Nf3 e4 10. Ne5 Qd4 11. f4 Bc5 12. Rf1 Bd6 13. c3 Qd5 14. b4 Bxe5 15. fxe5 Qxe5 16. bxa5 Qxh2 17. Qa4 Bd7 18. Rxf6 gxf6 19. Qxe4+ Qe5 20. d3 0-0-0 21. Qxe5 fxe5 22. Be3 Kb8 23. Nd2 Bf5 24. Ne4 Bxe4 25. dxe4 Rhg8 26. Kf2 Rd6 27. Rb1+ Ka8 28. a6 Rf6+ 29. Kg1 Rb8 30. Rd1 Rb2 31. Rd8+ Rb8 32. Rd7 Rb1+ 33. Kh2 Rb2 34. Rxa7+ Kb8 35. Re7 Re6 36. Rxf7 Re8 37. a7+ Ka8 38. Ba6 Rg8 39. Kh3 Rb1 40. g3 h5 41. Kh2 Rb2+ 42. Kh1 Rh8 43. Kg1 Rg8 44. Kf1 Rd8 45. Ke1 c5 46. Bc4 h4 47. gxh4 Rb1+ 48. Ke2 Rbd1 49. Bd5+ R8xd5 50. exd5 Rxd5 51. h5 e4 52. h6 Rh5 53. h7 Rh2+ 54. Kf1 Rh5 55. Bxc5 Rh1+ 56. Kg2 1-0

[Event "Stuttgart-chA int"]
[Site "Ditzingen"]
[Date "2006.05.25"]
[Round "2"]
[White "Luedke, Joshua"]
[Black "Severin, Andreas"]
[Result "0-1"]
[WhiteElo "1686"]
[BlackElo "1965"]
[PlyCount "60"]
[EventDate "2006.05.25"]
[EventType "swiss"]
[EventRounds "7"]
[EventCountry "GER"]
[SourceTitle "EXT 2018"]
[Source "ChessBase"]
[SourceDate "2017.10.13"]
[SourceVersion "1"]
[SourceVersionDate "2017.10.13"]
[SourceQuality "1"]

1. e4 c6 2. d4 d5 3. Nc3 g6 4. Nf3 Bg4 5. h3 Bxf3 6. Qxf3 dxe4 7. Qxe4 Nf6 8. Qd3 Bg7 9. Bf4 Qb6 10. 0-0-0 Nbd7 11. Be2 0-0-0 12. Na4 Qa5 13. Qb3 Nd5 14. Bd2 Qc7 15. c3 e6 16. Bg5 f6 17. Bd2 Rhe8 18. c4 Nf4 19. Bf3 e5 20. g3 Ne6 21. Bc3 Ng5 22. Bg2 e4 23. d5 cxd5 24. cxd5 f5 25. Kb1 Bxc3 26. Nxc3 Nc5 27. Qa3 Qb6 28. Na4 Nxa4 29. Qxa4 Qxf2 30. Qxa7 Qxa7 0-1

[Event "Stuttgart-chB int"]
[Site "Ditzingen"]
[Date "2005.05.05"]
[Round "1"]
[White "Luedke, Joshua"]
[Black "Kellner, Juergen"]
[Result "1-0"]
[WhiteElo "1607"]
[BlackElo "1212"]
[PlyCount "103"]
[EventDate "2005.05.05"]
[EventType "swiss"]
[EventRounds "7"]
[EventCountry "GER"]
[SourceTitle "EXT 2018"]
[Source "ChessBase"]
[SourceDate "2017.10.13"]
[SourceVersion "1"]
[SourceVersionDate "2017.10.13"]
[SourceQuality "1"]

1. d4 d5 2. Nc3 Nc6 3. Nf3 Nf6 4. e3 e6 5. Bd3 Bd6 6. Bd2 0-0 7. 0-0 Nb4 8. Re1 Nxd3 9. cxd3 Re8 10. e4 Bf8 11. Bg5 c6 12. e5 Be7 13. exf6 Bxf6 14. Bxf6 Qxf6 15. Qe2 Qg6 16. Ne5 Qg5 17. Qe3 Qe7 18. a3 f6 19. Nf3 a5 20. Na4 Qc7 21. g3 b6 22. Qf4 Qd8 23. Rac1 Bd7 24. Qd6 Rc8 25. Nxb6 Qxb6 26. Qxd7 c5 27. dxc5 Qa6 28. d4 Kf8 29. Qd6+ Qxd6 30. cxd6 Rb8 31. d7 Red8 32. Rc8 Ke7 33. Rxd8 Rxd8 34. Rc1 Rxd7 35. Rc5 Ra7 36. Kf1 Kd6 37. Ke2 a4 38. Kd2 Rb7 39. Kc2 g5 40. Ra5 Rc7+ 41. Kd3 Rc4 42. Ra6+ Ke7 43. Ra7+ Kf8 44. Rxh7 Rc1 45. Kd2 Rf1 46. Ke2 Rb1 47. Rb7 Rc1 48. Rb4 Rc4 49. Rxc4 dxc4 50. Kd2 Ke7 51. Kc3 g4 52. Nd2 1-0

[Event "Wuerttemberg-ch U18"]
[Site "Friedrichshafen"]
[Date "2005.03.29"]
[Round "2"]
[White "Luedke, Joshua"]
[Black "Froeschle, Marius"]
[Result "1/2-1/2"]
[WhiteElo "1627"]
[BlackElo "1560"]
[PlyCount "53"]
[EventDate "2005.03.29"]
[EventType "swiss"]
[EventRounds "7"]
[EventCountry "GER"]
[SourceTitle "EXT 2007"]
[Source "ChessBase"]
[SourceDate "2006.11.23"]
[SourceVersion "1"]
[SourceVersionDate "2006.11.23"]
[SourceQuality "1"]

1. e4 c5 2. Nf3 Nc6 3. Nc3 Nf6 4. d4 cxd4 5. Nxd4 e6 6. Bc4 d5 7. exd5 exd5 8. Bb5 Bd7 9. 0-0 Be7 10. Bg5 0-0 11. Nxc6 Bxc6 12. Bxc6 bxc6 13. Re1 Bb4 14. a3 Ba5 15. b4 Bc7 16. Qf3 Qd6 17. g3 Nd7 18. Bf4 Qf6 19. Na4 Rae8 20. Qg4 Ne5 21. Bxe5 Bxe5 22. Rad1 Bd4 23. Qf4 Qxf4 24. gxf4 Rxe1+ 25. Rxe1 Bf6 26. Nc5 Rc8 27. Kg2 1/2-1/2

[Event "BEM-ch U16"]
[Site "Vaihingen/Enz"]
[Date "2003.01.25"]
[Round "2"]
[White "Luedke, Joshua"]
[Black "Loerincz, Benjamin"]
[Result "1/2-1/2"]
[WhiteElo "1411"]
[BlackElo "1353"]
[PlyCount "96"]
[EventDate "2003.01.??"]
[EventType "swiss"]
[EventRounds "7"]
[EventCountry "GER"]
[SourceTitle "EXT 2005"]
[Source "ChessBase"]
[SourceDate "2004.11.15"]
[SourceVersion "1"]
[SourceVersionDate "2004.11.15"]
[SourceQuality "1"]

1. e4 c6 2. d4 d5 3. Nc3 dxe4 4. Nxe4 Bf5 5. Ng3 Bg6 6. Bc4 h6 7. Nf3 Qc7 8. Ne5 Nd7 9. Nxg6 fxg6 10. Qg4 Qd6 11. Bd3 0-0-0 12. Bxg6 Ngf6 13. Qd1 e5 14. Be3 Nd5 15. Be4 Nxe3 16. fxe3 exd4 17. Qxd4 Qxd4 18. exd4 Nf6 19. Bf5+ Kb8 20. 0-0-0 Bd6 21. Ne4 Bf4+ 22. Kb1 Nd5 23. g3 Bc7 24. Rhe1 Rhf8 25. Bg4 Rde8 26. Nc5 Nf6 27. Nd7+ Nxd7 28. Rxe8+ Rxe8 29. Bxd7 Re2 30. Rh1 Bb6 31. c3 Kc7 32. Bg4 Rf2 33. Re1 Kd8 34. Re2 Rxe2 35. Bxe2 c5 36. dxc5 Bxc5 37. Kc2 Kd7 38. Kd3 a5 39. Ke4 Kc6 40. Bg4 Kd6 41. Bf3 b6 42. Kf5 Ke7 43. Kg6 Kf8 44. g4 Be3 45. Kf5 Ke7 46. c4 Bc1 47. b3 Ba3 48. Ke4 Kd6 1/2-1/2